| 000 | 01392nam a22003737a 4500 | ||
|---|---|---|---|
| 003 | CHAP | ||
| 005 | 20220329140139.0 | ||
| 008 | 971013s1976 r 00010 d | ||
| 010 | _a47661 | ||
| 011 | _a48633 | ||
| 035 | _a52779 | ||
| 040 | _cCHAP | ||
| 090 | _aTesis | ||
| 100 | 0 | 0 |
_aReyes Vargas, Julio Antonio. _997009 |
| 245 | _aFactibilidad económica de la substitución de la fertilización fosforada al suelo por aplicaciones foliares en una variedad de maíz en Cadereytas Jiménez, N. L. | ||
| 260 |
_aMonterrey, N. L. : _bEl autor, _c1976 |
||
| 300 |
_a60 h. _b; gráfs. |
||
| 502 | _aTesis (Ing. Agr. Administrador) -- ITESM. División de Ciencias Agropecuarias y Marítimas | ||
| 590 |
_aALEPH _b10 _c20130110 _lUCH01 _h1318 |
||
| 590 |
_aBATCH-UPD _b10 _c20130110 _lUCH01 _h0304 |
||
| 590 |
_aBATCH-UPD _b10 _c20130110 _lUCH01 _h1211 |
||
| 590 |
_aBATCH-UPD _b10 _c20130409 _lUCH01 _h2336 |
||
| 590 |
_aBATCH-UPD _b10 _c20130410 _lUCH01 _h1410 |
||
| 590 |
_aBATCH-UPD _b10 _c20130914 _lUCH01 _h1359 |
||
| 590 |
_aCONVERSION _b10 _c20130109 _lUCH01 _h1326 |
||
| 650 | 1 | 4 |
_aFertilización foliar. _940445 |
| 650 | 1 | 4 |
_aFertilizantes fosfatados. _940592 |
| 650 | 1 | 4 |
_aFertilizantes para maíz. _940625 |
| 650 | 1 | 4 |
_aFertilizantes _xAspectos económicos. _940451 |
| 650 | 1 | 4 |
_aMaíz _xNuevo León. _971029 |
| 901 | _aBK | ||
| 942 | _cTESIS | ||
| 949 |
_bBC _cTES _d-117366 _eTS1 _i52779 _si |
||
| 999 |
_c47661 _d47661 |
||